000 01096cam a22003137a 4500
003 CHAP
005 20220329140008.0
008 971013s1994 mx r 00010 d
010 _a45216
011 _a46188
035 _a50329
040 _cCHAP
082 _a312.0972
_bC6 1950-90
110 _aMéxico. Consejo Nacional de Población
_976888
245 1 3 _aLa población de los municipios de México, 1950-1990
260 _aMéxico, D.F. :
_bEl Consejo,
_c1994
300 _a125 p.
_e+ 1 diskette 3.5
500 _aSolicitar el diskette en Servicios al público
590 _aBATCH-UPD
_b10
_c20130110
_lUCH01
_h1649
590 _aBATCH-UPD
_b10
_c20130410
_lUCH01
_h1039
590 _aBATCH-UPD
_b10
_c20130914
_lUCH01
_h1829
590 _aCONVERSION
_b10
_c20130109
_lUCH01
_h1325
650 1 4 _aMéxico
_xDivisiones administrativas y políticas.
_976741
650 1 4 _aPoblación
_xMéxico.
_989408
901 _aBK
942 _cLIBRO
949 _a312.0972 C6 1950-90
_bBC
_cC
_d33724000630661
_eC
_h89405
_i50329
_mD
_si
949 _a312.0972 C6 1950-90
_bBC
_cC
_d33724002108082
_eC
_fc.2
_i50329
_sb
999 _c45216
_d45216